| 000 | 00917 a2200301 4500 | ||
|---|---|---|---|
| 001 | 10646 | ||
| 999 |
_c10646 _d606 |
||
| 003 | TR-AnTOB | ||
| 005 | 20201216111505.0 | ||
| 008 | 010719s2001 enk f d 000 0 eng | ||
| 010 | _a2002483213 | ||
| 020 | _a0852975740 (pbk.) | ||
| 035 | _a(UkLWHE)b000122734 | ||
| 040 |
_aDLC _cDLC _dDLC |
||
| 041 | _aeng | ||
| 042 | _apcc | ||
| 050 | 0 |
_aHD2755.5 _b.D535 2001 |
|
| 090 | _aHD2755.5 .D535 2001 | ||
| 245 | 0 |
_aDictionary of international business terms / _cseries editor, John O.E. Clark. |
|
| 264 | 1 |
_aCanterbury, Kent, U.K. : _bFinancial World Publishing, _cc2001. |
|
| 300 |
_a368 p. ; _c15 cm. |
||
| 490 | 0 | _aInternational dictionary series. | |
| 650 |
_aInternational business enterprises _vDictionaries _91828 |
||
| 650 | 0 |
_aEconomics _vDictionaries _9128848 |
|
| 700 |
_aClark, John Owen Edward _91826 |
||
| 710 | 2 |
_aFinancial World Publishing _91827 |
|
| 942 | _cBK | ||